000 01037nam a2200217Ii 4500
003 JO-AjNU
008 230605s9999||||xx |||||||||||||| ||und||
017 _a2010/16422
040 _aJO-AjNU
_bara
_erda
_cJO-AjNU
041 _aara
050 1 4 _aHD58.8.2011
100 3 _aبحوث اوراق عمل,
_eauthor
_934429
245 0 0 _aاعادة هندسة الاجراءات ودورها في التطوير الاداري
264 3 1 _aالقاهرة:المنظمة العربية للتنمية الادارية،2011
300 _a357ص
_bملتقى الاصلاح المالي والاداري،ندوة تطوير الادارات الحكومية من منظور اعادة هندسة الاجراءات،ورشة عمل اعادة هندسة الادارات الحكومية في ظل المستجدات الدولية
336 _atext
_btxt
_2rdacontent
337 _aunmediated
_bn
_2rdamedia
338 _avolume
_bnc
_2rdacarrier
490 0 _aاعمال مؤتمرات
650 4 _aالتطوير الاداري
_934430
999 _aA14116
_c17684
_d17684